[Event "MTO-2021"]
[Site "?"]
[Date "2021.??.??"]
[Round "4.125"]
[White "Kamber Bruno"]
[Black "Schweizer Simon"]
[Result "0-1"]
[WhiteElo "2275"]
[BlackElo "2142"]
[PlyCount "190"]
[EventDate "2021.??.??"]
[WhiteTeam "Schweiz"]
[BlackTeam "Japan"]
[WhiteTeamCountry "SUI"]
[BlackTeamCountry "JPN"]

1. e4 e5 2. Nf3 Nc6 3. Nc3 Nf6 4. Bb5 Bb4 5. O-O O-O 6. Bxc6 dxc6 7. d3 Re8 8.
Ne2 Bf8 9. Ng3 h6 10. b3 g6 11. Bb2 Bg4 12. h3 Bxf3 13. Qxf3 Bg7 14. Rad1 Nh7
15. Qe3 Qg5 16. Qe1 h5 17. Ne2 Qe7 18. Kh1 Qh4 19. Qb4 b6 20. f4 Qe7 21. Qc4
Qe6 22. Qxe6 Rxe6 23. f5 Ree8 24. fxg6 fxg6 25. Ng1 Re6 26. Nf3 Rae8 27. Bc1
Bf6 28. g4 hxg4 29. hxg4 R6e7 30. Kg2 Bg7 31. Rf2 Rf7 32. Rdf1 Nf8 33. Kg3 c5
34. Ng5 Rxf2 35. Rxf2 Bh6 36. Rh2 Bxg5 37. Bxg5 Nh7 38. Bh6 Re6 39. Kh4 Rf6 40.
Bg5 Rf7 41. Bd2 Nf8 42. Kg3 Ne6 43. Rf2 Rxf2 44. Kxf2 Kf7 45. c3 Kf6 46. Kf3 b5
47. Be1 a6 48. Bg3 b4 49. c4 Nd4+ 50. Ke3 Ke6 51. Bh4 Kd7 52. Bf6 Nc6 53. Bg7
Ke7 54. g5 Kf7 55. Bf6 Ke6 56. Bg7 Nb8 57. Bf6 Nd7 58. Bd8 Kd6 59. Kf3 Nf8 60.
d4 exd4 61. Bf6 Nd7 62. Kf4 Nf8 63. e5+ Kd7 64. Ke4 c6 65. Bg7 Ne6 66. Bf6 Ke8
67. Kd3 Kf8 68. Ke4 Kf7 69. Kd3 Nf4+ 70. Ke4 Ne2 71. Bd8 Nc1 72. Bb6 Nxa2 73.
Bxc5 Nc1 74. Bxb4 Nxb3 75. c5 a5 76. Ba3 Ke6 77. Bb2 a4 78. Ba3 Nd2+ 79. Kxd4
Nf3+ 80. Kc4 Nxg5 81. Kb4 Kxe5 82. Kxa4 Kd5 83. Kb3 Ne4 84. Kc2 Nxc5 85. Kd2
Ne6 86. Ke3 c5 87. Kf3 Kd4 88. Ke2 c4 89. Kd2 c3+ 90. Kc2 Kc4 91. Be7 Nd4+ 92.
Kb1 Kd3 93. Ka2 c2 94. Bg5 Ne2 95. Kb2 c1=Q+ 0-1

[Event "MTO-2021"]
[Site "?"]
[Date "2021.??.??"]
[Round "4.126"]
[White "Wacker Peter"]
[Black "Vasquez Toledo Cristian"]
[Result "0-1"]
[WhiteElo "2263"]
[BlackElo "2064"]
[PlyCount "62"]
[EventDate "2021.??.??"]
[WhiteTeam "Deutschland"]
[BlackTeam "Chile"]
[WhiteTeamCountry "GER"]
[BlackTeamCountry "CHI"]

1. e4 c5 2. Nf3 Nc6 3. Bb5 g6 4. Bxc6 bxc6 5. O-O Bg7 6. c3 Nh6 7. Re1 O-O 8.
h3 d5 9. e5 c4 10. d4 cxd3 11. Qxd3 Qb6 12. b4 f6 13. e6 Nf5 14. Bf4 a5 15. g4
Nd6 16. Be3 Qc7 17. Bd4 Ne4 18. Nbd2 Bxe6 19. Nxe4 dxe4 20. Qxe4 Bd5 21. Qe2
axb4 22. c4 Bf7 23. Bc5 Rfe8 24. Bxb4 Ra4 25. a3 c5 26. Qc2 Rea8 27. Bc3 Rxc4
28. Nd2 Rca4 29. Bb4 f5 30. Rac1 Bd4 31. Nf3 Qg3+ 0-1

[Event "MTO-2021"]
[Site "?"]
[Date "2021.??.??"]
[Round "4.127"]
[White "Kornitzky Tino"]
[Black "Eric Jovana"]
[Result "1/2-1/2"]
[WhiteElo "2083"]
[BlackElo "2250"]
[PlyCount "68"]
[EventDate "2021.??.??"]
[WhiteTeam "Deutschland"]
[BlackTeam "Serbien"]
[WhiteTeamCountry "GER"]
[BlackTeamCountry "SRB"]

1. d4 e6 2. c4 f5 3. g3 Nf6 4. Bg2 Be7 5. Nf3 d5 6. O-O O-O 7. b3 Ne4 8. Ba3
Bxa3 9. Nxa3 Qe7 10. Nc2 b6 11. Ne5 Bb7 12. Ne1 dxc4 13. bxc4 Rd8 14. e3 c5 15.
N1f3 Nc6 16. Nxc6 Bxc6 17. Qc2 Rac8 18. Rac1 Qb7 19. Rfd1 Qa6 20. Qb2 Ba4 21.
Rd3 cxd4 22. Rxd4 Re8 23. Ne5 Nc5 24. h4 Rc7 25. h5 Qc8 26. h6 gxh6 27. Ng4
fxg4 28. Rxg4+ Kf8 29. Qh8+ Ke7 30. Qg7+ Kd8 31. Rd4+ Rd7 32. Qf6+ Ree7 33.
Qh8+ Re8 34. Qf6+ Ree7 1/2-1/2

[Event "MTO-2021"]
[Site "?"]
[Date "2021.??.??"]
[Round "4.128"]
[White "Blagojevic Tijana"]
[Black "Ermitsch Magnus"]
[Result "1-0"]
[WhiteElo "2222"]
[BlackElo "2039"]
[PlyCount "51"]
[EventDate "2021.??.??"]
[WhiteTeam "Serbien"]
[BlackTeam "Deutschland"]
[WhiteTeamCountry "SRB"]
[BlackTeamCountry "GER"]

1. e4 c5 2. Nf3 e6 3. d4 cxd4 4. Nxd4 Nc6 5. Nc3 Qc7 6. Qd3 Nf6 7. Ndb5 Qb8 8.
Qg3 d6 9. Be3 a6 10. Nd4 h5 11. f3 Bd7 12. Be2 b5 13. O-O Ne5 14. b3 Be7 15.
Kh1 h4 16. Qe1 Qc7 17. a4 b4 18. Nd1 d5 19. f4 Nxe4 20. fxe5 Qxe5 21. Rc1 Bc5
22. Nf3 Ng3+ 23. Qxg3 Qxe3 24. Qxg7 Qxc1 25. Qxh8+ Bf8 26. Bd3 1-0

[Event "MTO-2021"]
[Site "?"]
[Date "2021.??.??"]
[Round "4.129"]
[White "Sultan Ibrahim"]
[Black "Pahud Cédric"]
[Result "1/2-1/2"]
[WhiteElo "2076"]
[BlackElo "2200"]
[PlyCount "162"]
[EventDate "2021.??.??"]
[WhiteTeam "Vereinigte Arabische Emirate"]
[BlackTeam "Schweiz"]
[WhiteTeamCountry "UAE"]
[BlackTeamCountry "SUI"]

1. d4 Nf6 2. c4 e6 3. Nf3 Bb4+ 4. Nbd2 O-O 5. a3 Be7 6. g3 c5 7. dxc5 a5 8. Bg2
Bxc5 9. Nb3 Be7 10. O-O Nc6 11. Nbd4 d5 12. cxd5 Nxd5 13. Nxc6 bxc6 14. e4 Nf6
15. Ne5 Qc7 16. Nc4 e5 17. Bg5 h6 18. Bxf6 Bxf6 19. Qd6 Qxd6 20. Nxd6 Be6 21.
Rfc1 Rab8 22. Rxc6 Rxb2 23. Bf1 Rd8 24. Nc4 Bxc4 25. Bxc4 Rdd2 26. Rc8+ Kh7 27.
Rf1 Bd8 28. Bxf7 Bb6 29. Bg8+ Kg6 30. Rc6+ Kg5 31. Bf7 Kg4 32. Rg6+ Kf3 33.
Rxb6 Rxb6 34. Re1 g6 35. Re3+ Kg4 36. Bc4 Kg5 37. Rf3 h5 38. h4+ Kh6 39. Rf7
Rd4 40. Bd5 Rd3 41. a4 Ra3 42. Re7 Rxa4 43. Bg8 g5 44. hxg5+ Kxg5 45. Rxe5+ Kg6
46. Kg2 Ra1 47. Re8 a4 48. e5 a3 49. Ra8 Re1 50. Ra5 Rb2 51. Bc4 a2 52. Rxa2
Rxa2 53. Bxa2 Rxe5 54. Bb1+ Kf6 55. Bd3 Ra5 56. Be2 Kg5 57. Bf3 h4 58. gxh4+
Kxh4 59. Be2 Ra2 60. Bd1 Rd2 61. Bf3 Kg5 62. Bc6 Kf4 63. Bb7 Rd7 64. Bc6 Rg7+
65. Kf1 Rc7 66. Bd5 Rc5 67. Bb7 Rc1+ 68. Kg2 Rc3 69. Ba8 Ra3 70. Bb7 Ke5 71.
Bf3 Kd4 72. Kg3 Kd3 73. Kf4 Ra4+ 74. Ke5 Ra5+ 75. Bd5 Ra1 76. f4 Re1+ 77. Kd6
Kd4 78. f5 Rf1 79. Be6 Rf2 80. Bd7 Rf4 81. Ke6 Rxf5 1/2-1/2

[Event "MTO-2021"]
[Site "?"]
[Date "2021.??.??"]
[Round "4.130"]
[White "Doluhanova Evgeniya"]
[Black "Küng Nicolas"]
[Result "1-0"]
[WhiteElo "2179"]
[BlackElo "2005"]
[PlyCount "125"]
[EventDate "2021.??.??"]
[WhiteTeam "Ukraine"]
[BlackTeam "Schweiz"]
[WhiteTeamCountry "UKR"]
[BlackTeamCountry "SUI"]

1. Nf3 Nf6 2. b3 g6 3. Bb2 Bg7 4. e4 c5 5. e5 Nd5 6. c4 Nb4 7. Nc3 O-O 8. Be2
N4c6 9. Na4 b6 10. O-O Qc7 11. Re1 Bb7 12. Nc3 Nxe5 13. Nxe5 Bxe5 14. Bf3 Bxh2+
15. Kh1 Bd6 16. d4 Bxf3 17. Qxf3 Nc6 18. Nd5 Qd8 19. dxc5 bxc5 20. Rad1 Nd4 21.
Bxd4 cxd4 22. Rxd4 f6 23. Rd3 Rc8 24. Qe2 Rf7 25. Red1 Qf8 26. Kg1 Be5 27. Ne3
d6 28. Ng4 h5 29. Nxe5 fxe5 30. Rg3 Kh7 31. Qe4 Rf5 32. Rdd3 Rc7 33. Rdf3 e6
34. Rd3 Rcf7 35. Rd2 R7f6 36. Qd3 Kh6 37. Qe3+ g5 38. Qxa7 e4 39. Qd4 d5 40.
cxd5 exd5 41. Rc3 g4 42. Rc5 Qf7 43. a4 h4 44. Rxd5 Rxd5 45. Qxd5 Rxf2 46. Qxf7
Rxf7 47. Rd4 Re7 48. a5 g3 49. a6 Kg5 50. Ra4 e3 51. Kf1 e2+ 52. Ke1 h3 53.
gxh3 Kh5 54. Rg4 Ra7 55. Rxg3 Rxa6 56. Kxe2 Ra3 57. Kd2 Kh4 58. Rd3 Kg5 59. b4
Ra2+ 60. Kc3 Kf4 61. Kd4 Rb2 62. Kc5 Ke4 63. Rc3 1-0

[Event "MTO-2021"]
[Site "?"]
[Date "2021.??.??"]
[Round "4.101"]
[White "Ganguly Surya Shekhar"]
[Black "Salem Saleh"]
[Result "1/2-1/2"]
[WhiteElo "2625"]
[BlackElo "2682"]
[PlyCount "99"]
[EventDate "2021.??.??"]
[WhiteTeam "Indien"]
[BlackTeam "Vereinigte Arabische Emirate"]
[WhiteTeamCountry "IND"]
[BlackTeamCountry "UAE"]

1. e4 c6 2. d4 d5 3. e5 Bf5 4. h4 h5 5. c4 e6 6. Nc3 dxc4 7. Bxc4 Nd7 8. Nge2
Be7 9. Ng3 Bg6 10. Be2 Qb6 11. Bf4 Nh6 12. Rc1 Nf5 13. Nxf5 Bxf5 14. Qd2 Rd8
15. O-O Bxh4 16. a3 Be7 17. b4 a5 18. Na4 Qa7 19. bxa5 h4 20. Qc3 h3 21. g4 Be4
22. Kh2 Ra8 23. Bd2 Bd8 24. Nb2 Bd5 25. a6 bxa6 26. Nd3 Rb8 27. Nb4 Bg2 28.
Rfd1 Rb6 29. Bf3 Qb7 30. Qd3 Bc7 31. Bf4 Nb8 32. Qe4 a5 33. Nd3 Bxf3 34. Qxf3
Nd7 35. Rc3 Bd8 36. Rdc1 Be7 37. Rxc6 Bd8 38. d5 O-O 39. Qxh3 exd5 40. Rxb6
Qxb6 41. Rh1 f6 42. Kg2 fxe5 43. Qh7+ Kf7 44. Rh6 Qd4 45. Qg6+ Kg8 46. Qh7+ Kf7
47. Qf5+ Kg8 48. Qxd7 Qxd3 49. Qe6+ Rf7 50. Qe8+ 1/2-1/2